आपेक्षिकता-सिद्धांत क्या है (Record no. 5033)

MARC details
000 -LEADER
fixed length control field 01361 a2200241 4500
005 - DATE AND TIME OF LATEST TRANSACTION
control field 20080908123330.0
008 - FIXED-LENGTH DATA ELEMENTS--GENERAL INFORMATION
fixed length control field 080908t xxu||||| |||| 00| 0 hin d
010 ## - LIBRARY OF CONGRESS CONTROL NUMBER
LC control number HIN-80125
020 ## - INTERNATIONAL STANDARD BOOK NUMBER
International Standard Book Number 8126711353
Terms of availability 150.00
035 ## - SYSTEM CONTROL NUMBER
System control number HN-52471
037 ## - SOURCE OF ACQUISITION
Source of stock number/acquisition D.B.Act / Pub
082 ## - DEWEY DECIMAL CLASSIFICATION NUMBER
Classification number 530.11
100 ## - MAIN ENTRY--PERSONAL NAME
Personal name लांदाऊ, लेव
245 ## - TITLE STATEMENT
Title आपेक्षिकता-सिद्धांत क्या है
Statement of responsibility, etc लेव, लांदाऊ तथा यूरी रूमेर;अनुवादक गुणाकर मुळे
Remainder of title आइंस्टाइन की संक्षिप्त जीवनी सहित
246 ## - VARYING FORM OF TITLE
Remainder of title Apekshita-Siddhant kya hai
Title proper/short title By Lev Landau
260 ## - PUBLICATION, DISTRIBUTION, ETC. (IMPRINT)
Place of publication, distribution, etc नई दिल्ली
Name of publisher, distributor, etc राजकमल प्रकाशन
Date of publication, distribution, etc 2006
270 ## - ADDRESS
Address 1-बी, नेताजी सुभाष मार्ग
City नई दिल्ली
Postal code 110002
300 ## - PHYSICAL DESCRIPTION
Extent 128पृ
Dimensions 23सेमी(सजिल्द)
Other physical details (सचित्र)
700 ## - ADDED ENTRY--PERSONAL NAME
Personal name यूरी रूमेर
700 ## - ADDED ENTRY--PERSONAL NAME
Personal name मुळे, गुणाकर
942 ## - ADDED ENTRY ELEMENTS (KOHA)
Institution code [OBSOLETE] dpl
Koha item type Hindi Books
Call number prefix 530.11 / लांदाऊ
Source of classification or shelving scheme Dewey Decimal Classification
Classification part 530.11
Call number suffix लांदाऊ
Holdings
Withdrawn status Lost status Damaged status Not for loan Home library Current library Date acquired Cost, normal purchase price Total Checkouts Full call number Barcode Date last seen Copy number Uniform Resource Identifier Cost, replacement price Price effective from Koha item type
        D.B.Act.Division D.B.Act.Division 08/09/2008 150.00   530.11 लांदाऊ HN-52471 15/09/2008 1 5338 150.00 15/09/2008 Hindi Books

© Delhi Public Library
Hit Counter
free hit counter